Score 0/11 Timer 04:00
0 Plays Today
Anagram Animal % Correct
gfafrieGiraffe
98.9%
aalkokoala
88.4%
darzlilizard
76.8%
bomtawwombat
75.8%
wurlaswalrus
73.7%
ofalmnigflamingo
72.6%
nibgobgibbon
66.3%
kdavraraaardvark
65.3%
ertemkameerkat
65.3%
hlopndidolphin
62.1%
setiootrtortoise
54.7%
Remove Ads.
Support Sporcle.
Get the best of Sporcle when you Go Orange. This ad-free experience offers more features, more stats, and more fun while also helping to support Sporcle. Thank you for becoming a member.

You're not logged in!

Compare scores with friends on all Sporcle quizzes.
OR
Log In

Show Comments

Extras

Created Jan 22, 2013ReportNominate
Tags:Animal Quiz, anagrams

Top Quizzes Today


Score Distribution

Your Account Isn't Verified!

In order to create a playlist on Sporcle, you need to verify the email address you used during registration. Go to your Sporcle Settings to finish the process.

Report this User

Report this user for behavior that violates our Community Guidelines.

Details: